000 00574pam a2200205 i 4500
001 410311
005 20180301082330.0
008 800725s1980 nyua 001 0 eng
010 _a 80023768
020 _a0025180703
040 _aDLC
_cDLC
_dDLC
041 _aeng
080 _a770/.9 GAI
082 0 0 _a770/.9 GAI
_219
100 1 _a43
101 _aART
245 1 0 _aFirst photographs :
_cGail Buckland.
906 _a7
_bcbc
_corignew
_d1
_eocip
_f19
_gy-gencatlg
942 _2ddc
_cBK
999 _c43855
_d43855